000 01228cam a22002054a 4500
005 20250605164019.0
008 250528s ||||||||||||||||||||||||d
035 _a16257
040 _aGR-AtMCL
_bgre
_dGR-AtMCL
_eAACR2
245 1 _aStrength of Materials / Advanced Theory and Problems: Part II
250 _a3rd
260 _bRobert E. Krieger Publishing Company,
_c1976
300 _a576
505 0 _aBeams on Elastic Foundations, Beams with Combined Axial and Lateral Loads, Special Problems in the bending of Beams, Thin Plates and Shells, Buckling of Bars and Plates and Shells, Deformations Symmetrical About an Axis, Torsion, Stress Concentration, Deformations Beyond the Elastic Limit, Mechanical Properties of Materials, Author and Subject Index.
520 _aBeams on Elastic Foundations, Beams with Combined Axial and Lateral Loads, Special Problems in the bending of Beams, Thin Plates and Shells, Buckling of Bars and Plates and Shells, Deformations Symmetrical About an Axis, Torsion, Stress Concentration, Deformations Beyond the Elastic Limit, Mechanical Properties of Materials, Author and Subject Index.
700 1 _aTimoshenko S
_92340
942 _cBK
999 _c1775
_d1775